000 00576nam a2200229Ia 4500
003 OSt
005 20220924152200.0
006 a|||||r|||| 00| 0
007 ta
008 220923b |||||||| |||| 00| 0 mar d
024 _a341311
037 _cTextual
040 _aARTS
_cARTS
_bmar
041 _2mar
_amar
082 _aO155,2N241,1, K3
100 _aGokhle Au.
_9224950
245 0 _aManadar Mala
260 _c1963
650 _aMARATHI LITERATURE
_938000
942 _hO155,2N241,1, K3
_cTEXL
_2CC
999 _c468977
_d468977